000 00848cab a2200289 4500
001 ABS60456
008 090401t1999 xxu||||| |||| 00| 0 eng d
035 _a(Sirsi) u93235
041 _aeng
245 _aRegional survey: East Midlands
260 _c1999
350 _a0
490 _aProperty Week
_v64 (17) 30 April 1999, 47-70(8)
650 _aDERBY
650 _aDISTRIBUTION PROPERTY
650 _aEAST MIDLANDS
650 _aINDUSTRIAL MARKET
650 _aLEICESTER
650 _aNORTHAMPTON
650 _aNOTTINGHAM
650 _aPROPERTY-COMMERCIAL PROPERTY-OFFICE PROPERTY-OFFICE PROPERTY MARKET
650 _aRAIL FREIGHT
650 _aPROPERTY-COMMERCIAL PROPERTY-RETAIL PROPERTY-RETAIL PROPERTY MARKET
690 _aPROPERTY-COMMERCIAL PROPERTY-COMMERCIAL PROPERTY MARKET
942 _n0
948 _c10/05/1999
999 _c59096
_d59096